Normal view
MARC view
- Sherwani, Latif Ahmed.
Entry Personal Name
001 - CONTROL NUMBER
- control field: 5656
003 - CONTROL NUMBER IDENTIFIER
- control field: NUST
005 - DATE AND TIME OF LATEST TRANSACTION
- control field: 20171026105014.0
008 - FIXED-LENGTH DATA ELEMENTS
- fixed length control field: 171026|| aca||aabn | a|a d
040 ## - CATALOGING SOURCE
- Original cataloging agency: NUST
- Transcribing agency: NUST
100 ## - HEADING--PERSONAL NAME
- Personal name: Sherwani, Latif Ahmed.
670 ## - SOURCE DATA FOUND
- Source citation: Work cat.: (NUST)0: Iqbal, Muhammad, Sir, 1877-1938. 20, Speeches, writings, and statements of Iqbal /, 2005.
